000 00706nam a22001937a 4500
005 20100914113247.0
020 _a9780736041713
_c930.00
037 _bUBH
082 _a796.019
100 _aHolden-Brown, Susan
_919905
245 _aMistake worth making:
_bhow to turn sports errore inte athletic excellence /
_cby Susan Halden-Brown
260 _aChampaign
_bHuman Kinetics
_c2003
270 _aP.O. Box, 5076,
_bChampaign
300 _avi, 297p.
_bphotos
_c25cm(pbk)
500 _aIncludes index
942 _2ddc
_cEN
_h796.019
_mHAL
999 _c45604
_d45604